Mengubat cara Nabi

Bibliographic Details
Main Author: Al-Jauziyyah, Ibnu Qayyim
Other Authors: Jamaluddin Ibrahim Mydin
Format: Book
Published: Kuala Lumpur : Al-Hidayah Publications , 2007
Subjects:

MARC

LEADER 00000cam a2200000 7i4500
001 0000140208
005 20150303.0
020 |a 9789830997827 
020 |a 9830997820 
090 0 0 |a 297.122861   |b ALJ 
100 1 |a Al-Jauziyyah, Ibnu Qayyim   |f Imam 
245 1 0 |a Mengubat cara Nabi   |c Imam Ibnu Qayyim Al-Jauziyyah ; penterjemah, Jamaluddin Ibrahim Mydin 
260 |a Kuala Lumpur :   |b Al-Hidayah Publications ,   |c 2007 
300 |a 248p. ;   |c 23cm. 
600 0 0 |a Muhammad, Prophet, d. 632   |x Knowledge   |x Medicine 
650 0 0 |a Medicine   |x Religious aspects   |x Islam 
700 0 |a Jamaluddin Ibrahim Mydin 
999 |a 00237239   |b BUKU   |c PINJAMAN   |e PERPUSTAKAAN KOMUNITI PETALING JAYA